1429 1156 1397 1506 1338 1744 1121 1673 1321 1817 1017 1228 1087 1965 1795 1202 1055 1876 1703 1538 1317 1749 1485 1054 1219 1560 1127 1430 1517 1496 1975 1536 1057 1484 1794 1801 1302 1550 1971 1595 1476 1426 1943 1818 1251 1772 1013 1256 1721 1831 1762 1626 1180 1852 1780 1341 1601 1860 1623 1003 1993 1100 1083 1075 1097 1318 1538 1923 1119 1870 1221 1156 1978 1365 1693 1475 1144 1691 1933 1030 1673 1889 1293 1929 1587 1312 1008 1630 1484 1587 1364 1863 1637 1736 1320 1600 1115 1203 1300 BCNSPRNW ULIB Ver.6.0+V

เปลี่ยนเป็นภาษาไทย

Change to English
 แสดงรายละเอียดบรรณานุกรม
  กลับหน้าหลัก

Brief Record : Get Marc (ISO 2709) : E-mail record : QR code < ปิดหน้าต่าง
LEADER : 00000nam 2200000uu 4500
001    13399109710
003     ULIB
008    110410s2544||||th 000 0 tha d
020    9742970858
060 04 WC3^bอ874ส 2544
111 2  การสัมมนาระดับชาติเรื่องโรคเอดส์^n(ครั้งที่ 8 :^d2544 :^cเมืองทองธานี นนทบุรี)
245 10 สรุปรายงานการสัมมนาระดับชาติเรื่องโรคเอดส์ ครั้งที่ 8, 11-13 กรกฎาคม 2544 ณ ศูนย์ประชุมอิมแพค คอนเวนชั่น เซนเตอร์ เมืองทองธานี /^cโดย กองโรคเอดส์ กระทรวงสาธารณสุข ; คณะบรรณาธิการ ทองกร ยัณรังษี ... [และคนอื่นๆ]
246 30 โรคเอดส์
250    พิมพ์ครั้งที่ 1
260    นนทบุรี :^bกองโรคเอดส์,^c2544
300    293 หน้า :^bภาพประกอบ ;^c28 ซม.
650  2 Acquired Immunodeficiency Syndrome^vcongresses
650  7 เอชไอวี, การติดเชื้อ^vการประชุม
650  7 กลุ่มอาการภูมิคุ้มกันเสื่อม^vการประชุม
650  7 โรคเอดส์^vการประชุม
700 0  ทองกร ยัณรังษี,^eบรรณาธิการ
710 2  กองโรคเอดส์
945    ^p0^l0^i014345
995    ทศพร
999 ^a ใช้งานได้ทุกระบบ
รายการนี้ยังไม่มีแท็ก
คุณยังไม่ได้ล็อกอิน คุณสามารถมีกิจกรรมร่วมกับเว็บไซต์ได้ แต่ต้องล็อกอินก่อน ::
  ล็อกอิน

รายการสื่อสารสนเทศ

ลำดับที่ ประเภท เลขเรียก/บาร์โค้ด สถานที่ สถานะ
- ไม่พบข้อมูล -

BibComment


ยังไม่เคยถูกคอมเมนท์

คอมเมนท์ทรัพยากรรายการนี้
  คอมเมนท์: สรุปรายงานการสัมม..


 Copyright 2026. Bcnsprnw @Library